3 największe miasta w województwie podlaskim zawierające literę - Statystyki

Ogólne statystyki
  • Ten quiz został rozwiązany 35 razy
  • Średni wynik to 68 z 80
Statystyki odpowiedzi
Litera Odpowiedź % Poprawnych
A Białystok
100%
B Białystok
100%
I Białystok
100%
K Białystok
100%
Ł Białystok
100%
O Białystok
100%
S Białystok
100%
T Białystok
100%
Y Białystok
100%
G Augustów
96%
Ó Augustów
96%
Augustów
96%
Augustów
96%
Augustów
96%
Augustów
96%
H Hajnówka
96%
Hajnówka
96%
N Hajnówka
96%
Hajnówka
96%
Łomża
96%
Łomża
96%
M Łomża
96%
Łomża
96%
Ż Łomża
96%
Suwałki
96%
Suwałki
96%
Suwałki
96%
Suwałki
96%
Suwałki
96%
U Suwałki
96%
W Suwałki
96%
Zambrów
93%
Zambrów
93%
Zambrów
93%
Zambrów
93%
Z Zambrów
93%
Sejny
89%
Bielsk Podlaski
86%
D Bielsk Podlaski
86%
E Bielsk Podlaski
86%
Bielsk Podlaski
86%
Bielsk Podlaski
86%
L Bielsk Podlaski
86%
Bielsk Podlaski
86%
P Bielsk Podlaski
86%
Grajewo
86%
Grajewo
86%
J Grajewo
86%
R Grajewo
86%
Grajewo
86%
C Siemiatycze
86%
Siemiatycze
86%
Siemiatycze
86%
Siemiatycze
86%
Siemiatycze
86%
Siemiatycze
86%
Ń Mońki
82%
Kolno
79%
Kolno
79%
Łapy
79%
Łapy
79%
Wysokie Mazowieckie
79%
Wysokie Mazowieckie
79%
Choroszcz
68%
Ą Dąbrowa Białostocka
68%
Dąbrowa Białostocka
68%
Wasilków
68%
Czarna Białostocka
64%
Czarna Białostocka
64%
Czarna Białostocka
64%
Supraśl
64%
Ś Supraśl
64%
Supraśl
64%
Ciechanowiec
54%
Brańsk
50%
Suraż
50%
Czyżew
46%
Goniądz
46%
Zabłudów
46%
Nowogród
43%
Nie znaleziono quizów pasujących do podanych kryteriów
Rozkład punktacji
Procent ludzi z każdym wynikiem
Percentyl według liczby udzielonych odpowiedzi
Twoja historia wyników
Nie rozwiązałeś tego quizu